=LDR 00000nam 2200000 4500 =001 INLIS000000000039944 =005 20130612145535 =008 ***********************************Ind** =035 ##$$a0010-061300000039944 =041 ##$$a Ind =082 ##$$a 614 =090 ##$$a 614, Yog b =100 ##$$a Yogasmara,Erryga =245 ##$$a Buku Pintar Keluarga Sehat, Erryga Yogasmara =260 ##$$a 2010 $b Jakarta =300 ##$$a 237 hlm, ilus, 20 cm =850 ##$$a NBPNMAT =990 ##$$a 0001/BPAP-NTB/20142014